[Event "DSM WK M 2015"]
[Site "Karlsruhe GER"]
[Date "2015.05.10"]
[Round "7"]
[White "Hofmann, Imke"]
[Black "Krein, Jana"]
[Result "0-1"]
[Termination "normal"]
[Board "1.1"]
[WhiteElo "1253"]
[BlackElo "1576"]
[WhiteTeam "Konrad-Duden-Schule Bad Hersfeld"]
[BlackTeam "Auguste-Viktoria-Gymnasium Trier"]
[PlyCount "50"]
[BlackFideId "12937762"]
[EventCountry "GER"]
[EventRounds "7"]
[EventType "team-swiss"]
[EventDate "2015.05.07"]

1. e4 e5 2. Nf3 Nc6 3. Bc4 Bc5 4. c3 Nge7 5. d4 exd4 6. cxd4 Bb4+ 7. Kf1 d6 8.
a3 Ba5 9. Ng5 O-O 10. Qh5 h6 11. Nxf7 Rxf7 12. Bxf7+ Kf8 13. Bc4 Qe8 14. Qf3+
Nf5 15. Nd2 Ncxd4 16. Qf4 g5 17. Qxf5+ Bxf5 18. exf5 Nxf5 19. g3 Qc6 20. Rg1
Bxd2 21. Bxd2 Qxc4+ 22. Kg2 Re8 23. Bc3 Qe4+ 24. Kf1 Qe2+ 25. Kg2 Ne3+ 0-1

[Event "DSM WK M 2015"]
[Site "Karlsruhe GER"]
[Date "2015.05.10"]
[Round "7"]
[White "Bach, Kira"]
[Black "Bolender, Luisa"]
[Result "0-1"]
[Termination "normal"]
[Board "1.2"]
[WhiteElo "1536"]
[BlackElo "1167"]
[WhiteTeam "Auguste-Viktoria-Gymnasium Trier"]
[BlackTeam "Konrad-Duden-Schule Bad Hersfeld"]
[PlyCount "118"]
[WhiteFideId "12907677"]
[BlackFideId "12996483"]
[EventCountry "GER"]
[EventRounds "7"]
[EventType "team-swiss"]
[EventDate "2015.05.07"]

1. e4 e5 2. Nf3 Nc6 3. Bb5 a6 4. Ba4 Nf6 5. O-O b5 6. Bb3 Be7 7. Re1 O-O 8. c3
d5 9. exd5 Nxd5 10. Nxe5 Nxe5 11. Rxe5 c6 12. Qf3 Bd6 13. Re1 Re8 14. Rf1 Qh4
15. g3 Qh3 16. Qg2 Qh5 17. h4 Bg4 18. Bxd5 cxd5 19. d4 Qf5 20. Kh2 Re2 21. Qg1
Bh3 22. Be3 Bxf1 23. Qxf1 Rxe3 24. Nd2 Bxg3+ 25. fxg3 Qxf1 26. Nxf1 Re2+ 27.
Kh3 Rxb2 28. Ne3 Rd8 29. a4 b4 30. cxb4 Rxb4 31. Nc2 Rc4 32. Ra2 Rdc8 33. Ne3
Rxd4 34. a5 g6 35. Kg2 Rd3 36. Kf2 Re8 37. Ng4 Kg7 38. Rc2 Rd4 39. Ne3 Rd3 40.
Ng2 Rb3 41. Rc6 Re6 42. Rc5 Rb5 43. Rxb5 axb5 44. Ne3 d4 45. Nd1 Ra6 46. Ke2
Rxa5 47. Kd3 Ra7 48. Kxd4 Rd7+ 49. Kc3 Rxd1 50. Kb4 Rd3 51. Kxb5 Rxg3 52. h5
gxh5 53. Kc5 h4 54. Kd5 h3 55. Ke4 h2 56. Kf5 h1=Q 57. Ke5 Qe1+ 58. Kd4 Qb4+
59. Ke5 Rg5# 0-1

[Event "DSM WK M 2015"]
[Site "Karlsruhe GER"]
[Date "2015.05.10"]
[Round "7"]
[White "Schäfer, Jessica"]
[Black "Kim, Yu-Mi"]
[Result "1-0"]
[Termination "normal"]
[Board "1.3"]
[WhiteElo "1091"]
[BlackElo "1304"]
[WhiteTeam "Konrad-Duden-Schule Bad Hersfeld"]
[BlackTeam "Auguste-Viktoria-Gymnasium Trier"]
[PlyCount "105"]
[WhiteFideId "12996491"]
[BlackFideId "12955361"]
[EventCountry "GER"]
[EventRounds "7"]
[EventType "team-swiss"]
[EventDate "2015.05.07"]

1. e4 e5 2. Nf3 Nc6 3. Bc4 Bc5 4. c3 Nf6 5. d4 exd4 6. cxd4 Bb4+ 7. Nc3 Nxe4 8.
O-O Nxc3 9. bxc3 Bxc3 10. Ba3 d6 11. Rc1 Ba5 12. Qa4 O-O 13. d5 Bb6 14. dxc6
bxc6 15. Qxc6 Bd7 16. Qd5 Qf6 17. Rce1 Be6 18. Qd3 Rad8 19. Bxe6 fxe6 20. Qb3
Rde8 21. Re2 Rf7 22. Bb2 Qg6 23. Rfe1 Rfe7 24. Nh4 Qf7 25. Nf3 e5 26. Qxf7+
Rxf7 27. Rc2 e4 28. Nd4 Bxd4 29. Bxd4 c5 30. Be3 a5 31. Rb2 c4 32. Rc1 Rc8 33.
Rd2 Rd7 34. a4 d5 35. Bd4 Rb8 36. Rdd1 Rb4 37. Ra1 Rb3 38. Rab1 Rb4 39. Rb2
Rxa4 40. Rb8+ Kf7 41. f3 exf3 42. gxf3 Ra2 43. Rb2 Ra3 44. Rbd2 Rb3 45. Bc5
Rxf3 46. Rf1 Rxf1+ 47. Kxf1 a4 48. Rf2+ Kg6 49. Rg2+ Kf5 50. Rc2 Ke4 51. Re2+
Kd3 52. Re3+ Kd2 53. Re2+ 1-0

[Event "DSM WK M 2015"]
[Site "Karlsruhe GER"]
[Date "2015.05.10"]
[Round "7"]
[White "Mertes, Kathrin"]
[Black "Nguyen, Mai Chi"]
[Result "0-1"]
[Termination "normal"]
[Board "1.4"]
[WhiteElo "1225"]
[BlackElo "800"]
[WhiteTeam "Auguste-Viktoria-Gymnasium Trier"]
[BlackTeam "Konrad-Duden-Schule Bad Hersfeld"]
[PlyCount "201"]
[EventCountry "GER"]
[EventRounds "7"]
[EventType "team-swiss"]
[EventDate "2015.05.07"]

1. e4 e5 2. Nf3 Nc6 3. Bc4 Bc5 4. O-O Nf6 5. Re1 d6 6. h3 h6 7. c3 Qe7 8. d4
exd4 9. cxd4 Bb4 10. Bd2 Bxd2 11. Nbxd2 O-O 12. Qc2 Na5 13. Rad1 Nxc4 14. Nxc4
a6 15. e5 dxe5 16. Rxe5 Qd7 17. Rde1 b5 18. Re7 Qd5 19. R1e5 Qxc4 20. Qxc4 bxc4
21. Rxc7 Be6 22. Nd2 Rfc8 23. Rec5 Rxc7 24. Rxc7 Rd8 25. Nf3 Rb8 26. Ra7 Rxb2
27. Rxa6 Rb1+ 28. Kh2 c3 29. Rc6 Ne4 30. Ne5 Rc1 31. f3 Nf6 32. Nd3 Rc2 33. Nb4
Rb2 34. Nd3 Rxa2 35. Rxc3 Ra4 36. Nc5 Rxd4 37. Nxe6 fxe6 38. Rc8+ Kh7 39. Rc6
Rd2 40. Rxe6 Nd5 41. Kg3 Nf6 42. f4 Rd3+ 43. Kf2 Rd4 44. Ke3 Ra4 45. Kf3 Nd5
46. f5 Rf4+ 47. Kg3 Rxf5 48. Ra6 Rg5+ 49. Kf2 Nb4 50. Ra3 Nd5 51. Ra6 Nf6 52.
Ra4 Rf5+ 53. Kg3 Rd5 54. Kf2 Rg5 55. Ra2 Rc5 56. Kf3 Rc3+ 57. Kf4 Rc6 58. Kg3
Rc3+ 59. Kf2 Rc6 60. Kg3 Ne4+ 61. Kf3 Ng5+ 62. Kg3 Kg8 63. Ra8+ Kh7 64. Ra2 Kg6
65. Re2 Rc3+ 66. Kg4 Rc1 67. h4 Nf7 68. Re6+ Kh7 69. Kg3 Rc5 70. Re7 Nd6 71.
Kf4 Rc4+ 72. Kg3 Nb5 73. Kf3 Kh8 74. g4 Nd4+ 75. Kf4 Ne2+ 76. Kf3 Ng1+ 77. Kg2
Rxg4+ 78. Kf2 Nh3+ 79. Kf3 Rd4 80. Kg3 Nf4 81. Rf7 Ne2+ 82. Kf3 Nc1 83. Kg3 Ra4
84. Rf3 Ne2+ 85. Kf2 Nd4 86. Rf4 g5 87. hxg5 hxg5 88. Rf8+ Kh7 89. Rf7+ Kh6 90.
Rf8 Nc2 91. Kg3 Kh5 92. Rg8 Kh6 93. Rh8+ Kg7 94. Rh5 Kg6 95. Rh2 Ne3 96. Kf3
Nd5 97. Kf2 Ra2+ 98. Kg1 Rxh2 99. Kxh2 Kf5 100. Kg3 g4 101. Kg2 0-1

[Event "DSM WK M 2015"]
[Site "Karlsruhe GER"]
[Date "2015.05.10"]
[Round "7"]
[White "Riegel, Arinna"]
[Black "Bykov, Ilona"]
[Result "1/2-1/2"]
[Termination "normal"]
[Board "2.1"]
[WhiteElo "1640"]
[BlackElo "1363"]
[WhiteTeam "Deutschorden-Gymnasium Bad Mergentheim"]
[BlackTeam "Kant-Gymnasium Karlsruhe"]
[PlyCount "74"]
[WhiteFideId "12931446"]
[BlackFideId "12964433"]
[EventCountry "GER"]
[EventRounds "7"]
[EventType "team-swiss"]
[EventDate "2015.05.07"]

1. e4 e5 2. Nf3 Nc6 3. d4 exd4 4. Nxd4 Bc5 5. Be3 Qf6 6. c3 Nge7 7. Bc4 Qg6 8.
Qf3 O-O 9. O-O d6 10. Nxc6 Nxc6 11. Bd5 Ne5 12. Qg3 Qxg3 13. hxg3 Bxe3 14. fxe3
Rb8 15. Nd2 Be6 16. Nf3 Ng4 17. Rfe1 c6 18. Bxe6 fxe6 19. Rad1 Rbd8 20. Rd3 Rd7
21. Red1 Rfd8 22. Ng5 e5 23. Ne6 Re8 24. Rxd6 Rxd6 25. Rxd6 Nxe3 26. b3 g6 27.
Ng5 Re7 28. Kf2 {(=)} Ng4+ 29. Ke2 Nh6 30. Ke3 Nf7 31. Nxf7 Kxf7 32. a3 Re6 33.
Rd7+ Re7 34. Rd6 Ke8 35. a4 Rd7 36. Re6+ Re7 37. Rd6 Rd7 1/2-1/2

[Event "DSM WK M 2015"]
[Site "Karlsruhe GER"]
[Date "2015.05.10"]
[Round "7"]
[White "Ignatova, Nadja"]
[Black "Brunkardt, Elena"]
[Result "0-1"]
[Termination "normal"]
[Board "2.2"]
[WhiteElo "1180"]
[BlackElo "1474"]
[WhiteTeam "Kant-Gymnasium Karlsruhe"]
[BlackTeam "Deutschorden-Gymnasium Bad Mergentheim"]
[PlyCount "99"]
[BlackFideId "16208838"]
[EventCountry "GER"]
[EventRounds "7"]
[EventType "team-swiss"]
[EventDate "2015.05.07"]

1. e4 c5 2. Nc3 e6 3. Bc4 a6 4. a4 b6 5. Nf3 Qc7 6. d4 cxd4 7. Qxd4 Nc6 8. Qd3
Nb4 9. Qe2 Nxc2+ 10. Qxc2 Qxc4 11. b3 Qc7 12. O-O Bb4 13. Bd2 Bb7 14. Rfe1 Nf6
15. Rac1 O-O 16. e5 Ng4 17. h3 Bxf3 18. gxf3 Nxe5 19. Qe4 Nc6 20. Qg4 f5 21.
Qc4 Bc5 22. f4 Na5 23. Qd3 Nxb3 24. Rcd1 Nxd2 25. Qxd2 Bb4 26. Rc1 Qb7 27. Rb1
a5 28. Qd3 Rf6 29. Kh2 Rc8 30. Rb3 Rg6 31. f3 d5 32. Rf1 Qc7 33. Nb5 Qxf4+ 34.
Kh1 Qg3 35. Rb2 Qxh3+ 36. Rh2 Qg3 37. Qe2 Bc5 38. Rg2 Qxg2+ 39. Qxg2 Rxg2 40.
Kxg2 Rd8 41. Re1 Kf7 42. Rh1 h6 43. Kg3 d4 44. Rd1 d3 45. Nc3 Bb4 46. Nb1 e5
47. Kf2 e4 48. fxe4 fxe4 49. Ke3 Re8 50. Nd2 0-1

[Event "DSM WK M 2015"]
[Site "Karlsruhe GER"]
[Date "2015.05.10"]
[Round "7"]
[White "Youness, Fatima"]
[Black "Grining, Maria"]
[Result "1-0"]
[Termination "normal"]
[Board "2.3"]
[WhiteElo "1369"]
[BlackElo "800"]
[WhiteTeam "Deutschorden-Gymnasium Bad Mergentheim"]
[BlackTeam "Kant-Gymnasium Karlsruhe"]
[PlyCount "117"]
[WhiteFideId "16214404"]
[BlackFideId "16235037"]
[EventCountry "GER"]
[EventRounds "7"]
[EventType "team-swiss"]
[EventDate "2015.05.07"]

1. e4 e5 2. Nf3 Nc6 3. d4 f6 4. d5 Nce7 5. Nc3 d6 6. h3 a6 7. Be3 c6 8. Bc4 c5
9. a3 b6 10. a4 Ng6 11. Qd2 Be7 12. O-O Bb7 13. Ne2 Qd7 14. b4 f5 15. exf5 Nh4
16. Nxh4 Bxh4 17. Ng3 Nf6 18. Bg5 Bxg5 19. Qxg5 h6 20. Qg6+ Qf7 21. Qxf7+ Kxf7
22. bxc5 bxc5 23. Rfd1 a5 24. Rab1 Ba6 25. Bxa6 Rxa6 26. Rb7+ Kg8 27. c4 Kh7
28. Rdb1 h5 29. f3 Raa8 30. Ne4 Nxe4 31. fxe4 Kh6 32. R1b6 Rad8 33. Rc7 Kg5 34.
g3 h4 35. Rxg7+ Kf6 36. Rg6+ Kf7 37. g4 Rd7 38. Rgxd6 Rxd6 39. Rxd6 Rb8 40. Rc6
Rb1+ 41. Kf2 Rb2+ 42. Kg1 Rb4 43. Rxc5 Rxa4 44. g5 Ra1+ 45. Kf2 a4 46. g6+ Kf8
47. d6 a3 48. d7 Ra2+ 49. Ke3 Ke7 50. g7 Rg2 51. Rxe5+ Kxd7 52. Ra5 Rg3+ 53.
Kf4 Ke7 54. Rxa3 Rxa3 55. g8=Q Rxh3 56. Qe6+ Kf8 57. f6 Rh1 58. Qe7+ Kg8 59.
Qg7# 1-0

[Event "DSM WK M 2015"]
[Site "Karlsruhe GER"]
[Date "2015.05.10"]
[Round "7"]
[White "Nast, Lara"]
[Black "Weiß, Nadine"]
[Result "0-1"]
[Termination "normal"]
[Board "2.4"]
[WhiteElo "800"]
[BlackElo "1061"]
[WhiteTeam "Kant-Gymnasium Karlsruhe"]
[BlackTeam "Deutschorden-Gymnasium Bad Mergentheim"]
[PlyCount "74"]
[WhiteFideId "16259831"]
[EventCountry "GER"]
[EventRounds "7"]
[EventType "team-swiss"]
[EventDate "2015.05.07"]

1. d4 Nf6 2. Nc3 d6 3. e4 g6 4. Nf3 Bg7 5. Bc4 Nbd7 6. O-O O-O 7. e5 dxe5 8.
dxe5 Ng4 9. Bf4 Ngxe5 10. Nxe5 Nxe5 11. Bxe5 Qxd1 12. Nxd1 Bxe5 13. Re1 Bd6 14.
g3 Bh3 15. Re4 Kg7 16. Rh4 Bd7 17. Ne3 f5 18. Rd1 Rad8 19. Rd5 c6 20. Ra5 a6
21. a3 Bc7 22. Rc5 b6 23. Rd5 cxd5 24. Nxd5 Be6 25. Nxc7 Bxc4 26. Rxc4 Rd1+ 27.
Kg2 Rc8 28. b3 Kf6 29. Rc6+ Ke5 30. f4+ Ke4 31. Re6+ Kd4 32. Rxe7 Rd2+ 33. Kg1
Rxc2 34. Ne6+ Kd5 35. Ng5 Rb2 36. b4 Rc1+ 37. Re1 Rxe1# 0-1

[Event "DSM WK M 2015"]
[Site "Karlsruhe GER"]
[Date "2015.05.10"]
[Round "7"]
[White "Kublanov, Carolin"]
[Black "Leinemann, Vivien Sophie"]
[Result "0-1"]
[Termination "normal"]
[Board "3.1"]
[WhiteElo "1408"]
[BlackElo "1425"]
[WhiteTeam "Humboldt-Gymnasium Düsseldorf"]
[BlackTeam "Charlotte-Paulsen-Gymnasium Hamburg"]
[PlyCount "112"]
[WhiteFideId "12944548"]
[BlackFideId "16208536"]
[EventCountry "GER"]
[EventRounds "7"]
[EventType "team-swiss"]
[EventDate "2015.05.07"]

1. d4 Nf6 2. Nf3 e6 3. e3 b6 4. Bd3 Bb7 5. O-O Nc6 6. b3 Be7 7. Bb2 O-O 8. Nbd2
Nb4 9. e4 Nxd3 10. cxd3 d6 11. Qe2 Rc8 12. Rac1 c5 13. h3 Qd7 14. Nc4 Rc7 15.
Ne3 Rfc8 16. d5 exd5 17. Bxf6 Bxf6 18. Nxd5 Bxd5 19. exd5 Re8 20. Qc2 Qf5 21.
Rfe1 Rce7 22. Qc4 Be5 23. Qb5 h6 24. Re4 {(=)} Qd7 25. Qxd7 Rxd7 26. Rce1 Rde7
27. Kf1 Kf8 28. Nd2 Bc3 29. Rxe7 Rxe7 30. Rxe7 Kxe7 31. Ne4 Bd4 32. Ke2 f5 33.
Nd2 Kf6 34. Nf3 g6 35. g4 fxg4 36. hxg4 h5 37. gxh5 gxh5 38. Nxd4 cxd4 39. f4
Kf5 40. Kf3 h4 41. b4 h3 42. Kg3 h2 43. Kxh2 Kxf4 44. Kg2 Ke3 45. Kf1 Kxd3 46.
Ke1 Kc2 47. a4 d3 48. Kf2 d2 49. b5 d1=Q 50. a5 Qd3 51. axb6 axb6 52. Ke1 Qd2+
53. Kf1 Kd3 54. Kg1 Ke3 55. Kh1 Kf3 56. Kg1 Qg2# 0-1

[Event "DSM WK M 2015"]
[Site "Karlsruhe GER"]
[Date "2015.05.10"]
[Round "7"]
[White "G., Diana"]
[Black "Kublanov, Elizabeth"]
[Result "1-0"]
[Termination "normal"]
[Board "3.2"]
[WhiteElo "1162"]
[BlackElo "1523"]
[WhiteTeam "Charlotte-Paulsen-Gymnasium Hamburg"]
[BlackTeam "Humboldt-Gymnasium Düsseldorf"]
[PlyCount "73"]
[WhiteFideId "12964700"]
[BlackFideId "12944564"]
[EventCountry "GER"]
[EventRounds "7"]
[EventType "team-swiss"]
[EventDate "2015.05.07"]

1. e4 e5 2. Nf3 d6 3. Bc4 Be7 4. Nc3 Bg4 5. d3 Nc6 6. Be3 Nf6 7. h3 Bh5 8. g4
Bg6 9. Qd2 Qd7 10. O-O-O O-O-O 11. Bb5 Kb8 12. Nd5 Bf8 13. Bxc6 Qxc6 14. Qa5 b6
15. Nb4 Qb7 16. Qb5 Ka8 17. Nc6 Rc8 18. a4 a6 19. Qc4 Nd7 20. d4 Bxe4 21. Ng5
Bxh1 22. Rxh1 b5 23. axb5 Qxb5 24. Qxb5 axb5 25. d5 Nc5 26. Kd2 f6 27. Nf7 Rg8
28. Ra1+ Na4 29. b3 Kb7 30. bxa4 Ra8 31. Rb1 Rxa4 32. Rxb5+ Ka6 33. Rb8 g5 34.
Ra8+ Kb5 35. c4+ Kxc4 36. Rxa4+ Kxd5 37. Nfd8 1-0

[Event "DSM WK M 2015"]
[Site "Karlsruhe GER"]
[Date "2015.05.10"]
[Round "7"]
[White "Berelowitsch, Dana"]
[Black "Syla, Albetina"]
[Result "1-0"]
[Termination "normal"]
[Board "3.3"]
[WhiteElo "1473"]
[BlackElo "1096"]
[WhiteTeam "Humboldt-Gymnasium Düsseldorf"]
[BlackTeam "Charlotte-Paulsen-Gymnasium Hamburg"]
[PlyCount "47"]
[WhiteFideId "12977144"]
[EventCountry "GER"]
[EventRounds "7"]
[EventType "team-swiss"]
[EventDate "2015.05.07"]

1. e4 e5 2. Nf3 Nc6 3. Bb5 d6 4. d4 Bd7 5. Nc3 Nf6 6. Bg5 h6 7. Bh4 Bg4 8. Qd3
a6 9. Bxc6+ bxc6 10. dxe5 Bxf3 11. exf6 g5 12. Qxf3 gxh4 13. O-O-O h5 14. e5
Rb8 15. Qxc6+ Qd7 16. Qxa6 Rg8 17. Rhe1 Kd8 18. exd6 cxd6 19. Ne4 Rg6 20. Nxd6
Kc7 21. Ne8+ Rxe8 22. Qa7+ Kc8 23. Qxd7+ Kb8 24. Rxe8# 1-0

[Event "DSM WK M 2015"]
[Site "Karlsruhe GER"]
[Date "2015.05.10"]
[Round "7"]
[White "Schwarz, Merle"]
[Black "Zhuk, Margarita"]
[Result "0-1"]
[Termination "normal"]
[Board "3.4"]
[WhiteElo "800"]
[BlackElo "800"]
[WhiteTeam "Charlotte-Paulsen-Gymnasium Hamburg"]
[BlackTeam "Humboldt-Gymnasium Düsseldorf"]
[PlyCount "54"]
[EventCountry "GER"]
[EventRounds "7"]
[EventType "team-swiss"]
[EventDate "2015.05.07"]

1. e4 e5 2. Nf3 Nf6 3. Bc4 Nc6 4. Ng5 d5 5. exd5 Nxd5 6. Nxf7 Kxf7 7. Qf3+ Ke8
8. O-O Nf6 9. Nc3 Nd4 10. Qg3 Nxc2 11. Rb1 Qd4 12. Bb5+ c6 13. Ba4 Bf5 14. Qf3
Qf4 15. Bxc6+ Kf7 16. Bxb7 Qxf3 17. Bxf3 Rc8 18. d4 Nxd4 19. Bd5+ Nxd5 20. Nxd5
Bxb1 21. Be3 Be4 22. Nc3 Bb7 23. Rd1 Bc5 24. a3 Rhd8 25. b4 Bb6 26. Bg5 Ne2+
27. Nxe2 Rxd1# 0-1

[Event "DSM WK M 2015"]
[Site "Karlsruhe GER"]
[Date "2015.05.10"]
[Round "7"]
[White "Dorendorf, Lena"]
[Black "Kail, Sindy"]
[Result "0-1"]
[Termination "normal"]
[Board "4.1"]
[WhiteElo "1125"]
[BlackElo "1528"]
[WhiteTeam "Gymnasium Gadebusch"]
[BlackTeam "Maria-Ward-Schule Aschaffenburg"]
[PlyCount "74"]
[WhiteFideId "12983373"]
[BlackFideId "12988502"]
[EventCountry "GER"]
[EventRounds "7"]
[EventType "team-swiss"]
[EventDate "2015.05.07"]

1. e4 c5 2. Nf3 d6 3. Bc4 Nf6 4. d3 Bg4 5. Bg5 e6 6. h3 Bh5 7. Nc3 Be7 8. Bb3
Nc6 9. Nb1 Qa5+ 10. c3 Qa6 11. Bc2 Qb5 12. b3 Qa5 13. Qe2 Nd4 14. Qd1 Nxf3+ 15.
gxf3 Nd7 16. Bd2 Ne5 17. Qc1 Nxf3+ 18. Kf1 Qd8 19. Bd1 Nxd2+ 20. Qxd2 Bg5 21.
Qc2 Bxd1 22. Qxd1 Qf6 23. Qe1 Rd8 24. a4 Qf3 25. Rh2 Bf4 26. Rg2 Qxd3+ 27. Qe2
Qxe2+ 28. Kxe2 Be5 29. Ra2 d5 30. Rg4 h5 31. Rg1 dxe4 32. Rd1 Ke7 33. Rc2 Rxd1
34. Kxd1 Rd8+ 35. Ke2 Rd3 36. h4 Rh3 37. Ra2 Bxc3 0-1

[Event "DSM WK M 2015"]
[Site "Karlsruhe GER"]
[Date "2015.05.10"]
[Round "7"]
[White "Damrich, Alina"]
[Black "Lübbert, Charline"]
[Result "1-0"]
[Termination "normal"]
[Board "4.2"]
[WhiteElo "1470"]
[BlackElo "1228"]
[WhiteTeam "Maria-Ward-Schule Aschaffenburg"]
[BlackTeam "Gymnasium Gadebusch"]
[PlyCount "89"]
[WhiteFideId "12964603"]
[BlackFideId "12983381"]
[EventCountry "GER"]
[EventRounds "7"]
[EventType "team-swiss"]
[EventDate "2015.05.07"]

1. e4 e5 2. Nf3 Nc6 3. d4 d5 4. exd5 Qxd5 5. Nc3 Qa5 6. dxe5 Nxe5 7. Qe2 Bd6 8.
Bf4 f6 9. Nxe5 Bxe5 10. Bxe5 Qxe5 11. O-O-O Qxe2 12. Bxe2 Bd7 13. Bh5+ g6 14.
Rhe1+ Kd8 15. Bf3 c6 16. Ne4 Kc7 17. Nc5 Rd8 18. Rd2 f5 19. Rde2 Kb8 20. Nxd7+
Rxd7 21. Re8+ Kc7 22. R1e6 Rg7 23. Ra8 a6 24. Ree8 Kd7 25. c3 h5 26. Bd1 Kc7
27. Bb3 g5 28. Rxg8 Rhxg8 29. Rxg8 Rxg8 30. Bxg8 f4 31. g3 Kd6 32. Kd2 Ke5 33.
Bf7 h4 34. gxh4 gxh4 35. Ke2 Kf5 36. Kf3 b6 37. b4 c5 38. Bd5 cxb4 39. cxb4 Ke5
40. Bb7 a5 41. bxa5 bxa5 42. Kg4 a4 43. Kxh4 Kf5 44. a3 Ke5 45. Bc6 1-0

[Event "DSM WK M 2015"]
[Site "Karlsruhe GER"]
[Date "2015.05.10"]
[Round "7"]
[White "Albrecht, Marie"]
[Black "Gentil, Verena"]
[Result "1-0"]
[Termination "normal"]
[Board "4.3"]
[WhiteElo "991"]
[BlackElo "935"]
[WhiteTeam "Gymnasium Gadebusch"]
[BlackTeam "Maria-Ward-Schule Aschaffenburg"]
[PlyCount "51"]
[WhiteFideId "12983390"]
[BlackFideId "12964611"]
[EventCountry "GER"]
[EventRounds "7"]
[EventType "team-swiss"]
[EventDate "2015.05.07"]

1. e4 e5 2. Nf3 Nc6 3. Bb5 Bc5 4. Bxc6 bxc6 5. O-O Nf6 6. d4 exd4 7. Nxd4 O-O
8. Re1 h6 9. c3 Bxd4 10. cxd4 d6 11. Qf3 Re8 12. e5 dxe5 13. dxe5 Qd5 14. Qg3
Ba6 15. Bxh6 Nh5 16. Qg5 g6 17. Nc3 Qd4 18. Ne4 Qd8 19. Nf6+ Nxf6 20. exf6
Rxe1+ 21. Rxe1 Qd5 22. Qh4 Qh5 23. Qf4 Qf5 24. Qb4 Qxf6 25. Re7 Rd8 26. h3 {...
} 1-0

[Event "DSM WK M 2015"]
[Site "Karlsruhe GER"]
[Date "2015.05.10"]
[Round "7"]
[White "Lay, Sophia"]
[Black "Groß, Sarah"]
[Result "1-0"]
[Termination "normal"]
[Board "4.4"]
[WhiteElo "800"]
[BlackElo "800"]
[WhiteTeam "Maria-Ward-Schule Aschaffenburg"]
[BlackTeam "Gymnasium Gadebusch"]
[PlyCount "99"]
[EventCountry "GER"]
[EventRounds "7"]
[EventType "team-swiss"]
[EventDate "2015.05.07"]

1. e4 e5 2. Nf3 Nc6 3. Bc4 Nf6 4. Nc3 Bb4 5. Nd5 Ba5 6. O-O d6 7. d3 Bg4 8. Bg5
O-O 9. Nxf6+ gxf6 10. Bh6 Re8 11. h3 Bh5 12. d4 exd4 13. c3 Bb6 14. Qb3 a6 15.
Nd2 Na5 16. Qc2 Nxc4 17. Nxc4 Bc5 18. Qd3 Bg6 19. cxd4 Bb4 20. f3 d5 21. Na3
Qd6 22. Nc2 Qg3 23. Nxb4 a5 24. Nxd5 Qh4 25. Qe3 Red8 26. Ne7+ Kh8 27. Rac1 Re8
28. Nd5 c6 29. Nc7 Rad8 30. Nxe8 Rxe8 31. e5 fxe5 32. dxe5 b6 33. Rxc6 b5 34.
f4 Qxh6 35. f5 Qxe3+ 36. Kh2 Bxf5 37. Rxf5 Qe4 38. Rcf6 Rg8 39. Rxf7 Qh4 40. e6
Qg3+ 41. Kg1 Qe3+ 42. Kh2 Qxe6 43. g4 h6 44. Rb7 Qc6 45. Rbxb5 Re8 46. Rxa5
Re2+ 47. Kg3 Qe4 48. Rf7 Qg2+ 49. Kh4 Re4 50. Ra8+ 1-0

[Event "DSM WK M 2015"]
[Site "Karlsruhe GER"]
[Date "2015.05.10"]
[Round "7"]
[White "Gramova, Tania"]
[Black "Surmann, Imke"]
[Result "1-0"]
[Termination "normal"]
[Board "5.2"]
[WhiteElo "822"]
[BlackElo "800"]
[WhiteTeam "Martin-Andersen-Nexö-Gymnasium Dresden"]
[BlackTeam "Franziskusgymnasium Lingen"]
[PlyCount "37"]
[EventCountry "GER"]
[EventRounds "7"]
[EventType "team-swiss"]
[EventDate "2015.05.07"]

1. e4 d6 2. Nf3 g6 3. Nc3 Bg7 4. Bc4 Nf6 5. O-O O-O 6. d3 h6 7. Be3 Nh7 8. h3
e5 9. b4 Ng5 10. Qd2 Bxh3 11. Bxg5 Qd7 12. gxh3 Nc6 13. Bxh6 Qxh3 14. Bxg7 Kxg7
15. Nh2 Rh8 16. f4 exf4 17. Qxf4 Nd4 18. Qf6+ Kg8 19. Qxf7# 1-0

[Event "DSM WK M 2015"]
[Site "Karlsruhe GER"]
[Date "2015.05.10"]
[Round "7"]
[White "Schäfer, Leonie"]
[Black "Weber, Alexandra"]
[Result "1/2-1/2"]
[Termination "normal"]
[Board "5.3"]
[WhiteElo "792"]
[BlackElo "843"]
[WhiteTeam "Franziskusgymnasium Lingen"]
[BlackTeam "Martin-Andersen-Nexö-Gymnasium Dresden"]
[PlyCount "104"]
[WhiteFideId "16241851"]
[EventCountry "GER"]
[EventRounds "7"]
[EventType "team-swiss"]
[EventDate "2015.05.07"]

1. c4 e5 2. Nc3 Nc6 3. g3 Bb4 4. e3 d6 5. Nge2 Bg4 6. h3 Bf3 7. Rg1 Nf6 8. Bg2
Bxg2 9. Rxg2 d5 10. cxd5 Nxd5 11. Nxd5 Qxd5 12. Rh2 O-O 13. a3 Ba5 14. b4 Bb6
15. Nc3 Qc4 16. Qe2 Qxe2+ 17. Kxe2 Rfe8 18. Nd5 a5 19. b5 Ne7 20. Nxb6 cxb6 21.
a4 Nd5 22. Ba3 Nb4 23. Bxb4 axb4 24. Rhh1 Rec8 25. d3 Rc2+ 26. Kf3 Rc3 27. Rhc1
Rxc1 28. Rxc1 h6 29. Ra1 Kf8 30. Kg2 Ke7 31. f4 Ke6 32. fxe5 Kxe5 33. d4+ Kd5
34. Kf3 f5 35. g4 fxg4+ 36. hxg4 g5 37. e4+ Kxd4 38. Rd1+ Ke5 39. Ra1 Ke6 40.
Ke3 Ke5 41. Kd3 Kf4 42. Rg1 Rd8+ 43. Kc4 Kxe4 44. Kxb4 Rd4+ 45. Kb3 Kf3 46. Ka3
Rxg4 47. Rf1+ Kg2 48. Rd1 Rg3+ 49. Kb4 Rg4+ 50. Ka3 Rg3+ 51. Kb4 Rg4+ 52. Ka3
Rg3+ 1/2-1/2

[Event "DSM WK M 2015"]
[Site "Karlsruhe GER"]
[Date "2015.05.10"]
[Round "7"]
[White "Hutschenreiter, Pia"]
[Black "Koopmann, Jasmin"]
[Result "0-1"]
[Termination "normal"]
[Board "5.4"]
[WhiteElo "800"]
[BlackElo "800"]
[WhiteTeam "Martin-Andersen-Nexö-Gymnasium Dresden"]
[BlackTeam "Franziskusgymnasium Lingen"]
[PlyCount "132"]
[EventCountry "GER"]
[EventRounds "7"]
[EventType "team-swiss"]
[EventDate "2015.05.07"]

1. e4 d6 2. Nc3 Nf6 3. Bb5+ c6 4. Ba4 b5 5. Bb3 Bg4 6. Nge2 g6 7. O-O Bg7 8.
Qe1 O-O 9. Nf4 Bh6 10. Nd3 Qb6 11. Nb4 Nbd7 12. d3 Bg7 13. Qd2 Ne5 14. Qf4 Qa5
15. a3 Rad8 16. Be3 c5 17. Nba2 Nh5 18. Qg5 Rde8 19. Nd5 Be2 20. Rfe1 e6 21.
Nf4 c4 22. dxc4 bxc4 23. Bxc4 Bxc4 24. Nc3 Rc8 25. Bd2 Rfe8 26. b4 Qb6 27. Qh4
Nf6 28. Be3 Qc7 29. Rad1 a6 30. Na4 Qc6 31. Bb6 Qxa4 32. Be3 Qxc2 33. Rc1 Qa4
34. Bd2 Nd3 35. Nxd3 Bxd3 36. Ra1 Rc2 37. Qf4 Rec8 38. Qe3 Bb5 39. Rab1 Bc6 40.
Red1 Nxe4 41. Be1 d5 42. Bd2 d4 43. Qe2 Bb5 44. Qe1 Bc6 45. Qe2 Qxa3 46. Qe1
Rb2 47. b5 axb5 48. Bb4 Qb3 49. h3 Bf8 50. Ba5 Ra8 51. Bb6 Bb4 52. Qf1 Rxb1 53.
Rxb1 Qc4 54. Qd1 Nc3 55. Qc1 Nxb1 56. Qxb1 Qd5 57. Qf1 Rb8 58. Bc7 Ra8 59. Bg3
d3 60. Bf4 d2 61. Bxd2 Qxd2 62. f3 Bc5+ 63. Kh2 Qf4+ 64. Kh1 Ra2 65. h4 Bd6 66.
Kg1 Qh2# 0-1